[Event "Sparkassen-Open A"]
[Site "Heusenstamm, Martinsee"]
[Date "2022.11.18"]
[Round "2.1"]
[White "Pfitzer, Norbert"]
[Black "Safarli, Eltaj"]
[Result "0-1"]
[WhiteElo "2084"]
[BlackElo "2616"]
[PlyCount "82"]
[EventDate "2022.??.??"]
[WhiteTeam "SV Backnang"]
[BlackTeam "vereinslos"]

1. d4 Nf6 2. c4 e6 3. Nf3 d5 4. g3 Be7 5. Bg2 O-O 6. O-O dxc4 7. Qa4 a6 8. Qxc4
b5 9. Qc2 Bb7 10. Nbd2 Nbd7 11. b3 c5 12. Bb2 Rc8 13. Qd3 cxd4 14. Nxd4 Nc5 15.
Qb1 Bxg2 16. Kxg2 Qd5+ 17. N4f3 Rfd8 18. Rd1 Qb7 19. Kg1 h6 20. Nf1 Nce4 21.
Rxd8+ Rxd8 22. Bd4 Ng5 23. Nxg5 Rxd4 24. Nf3 Rd8 25. Qc2 Rc8 26. Qd1 Ne4 27.
Kg2 g5 28. h3 h5 29. N1h2 f5 30. g4 hxg4 31. hxg4 Nf6 32. Rc1 Rxc1 33. Qxc1
Nxg4 34. Kg1 Nxh2 35. Nxh2 Qe4 36. Qd1 Kf7 37. f3 Bc5+ 38. Kg2 Qe3 39. Qd3 Qxd3
40. exd3 Kf6 41. Kf1 Bd6 0-1

[Event "Sparkassen-Open A"]
[Site "Heusenstamm, Martinsee"]
[Date "2022.11.18"]
[Round "2.2"]
[White "Kramer, Julian"]
[Black "Eurich, Jannik"]
[Result "0-1"]
[WhiteElo "2461"]
[BlackElo "1992"]
[PlyCount "58"]
[EventDate "2022.??.??"]
[WhiteTeam "Hamburger SK von 1830"]
[BlackTeam "SK Langen"]

1. e4 c5 2. Nf3 d6 3. d4 cxd4 4. Nxd4 Nf6 5. Nc3 a6 6. a4 e6 7. f4 Qc7 8. Be3
Be7 9. Bd3 Nc6 10. O-O O-O 11. Qf3 b6 12. e5 Nxd4 13. Bxd4 Nd7 14. exd6 Bxd6
15. Nd5 exd5 16. Bxg7 Re8 17. Qh5 Nf8 18. Bxf8 Kxf8 19. Rae1 Rxe1 20. Qh6+ Ke7
21. Rxe1+ Kd7 22. Qxh7 Kc6 23. Qh5 Bxf4 24. c4 Be6 25. g3 Rg8 26. Kh1 Rg5 27.
Qf3 Bxg3 28. Rc1 Kb7 29. hxg3 Rxg3 0-1

[Event "Sparkassen-Open A"]
[Site "Heusenstamm, Martinsee"]
[Date "2022.11.18"]
[Round "2.3"]
[White "Siegert, Gregor"]
[Black "Korneev, Oleg"]
[Result "0-1"]
[WhiteElo "1891"]
[BlackElo "2470"]
[PlyCount "100"]
[EventDate "2022.??.??"]
[WhiteTeam "Schachforum Darmstadt 1994"]
[BlackTeam "vereinslos"]

1. e4 c5 2. Nf3 e6 3. d3 Nc6 4. g3 d5 5. Qe2 Nf6 6. Bg2 Be7 7. O-O O-O 8. e5
Nd7 9. c4 a6 10. Nc3 Nd4 11. Nxd4 cxd4 12. Nb1 Qc7 13. Bf4 dxc4 14. h4 cxd3 15.
Qxd3 Nc5 16. Qxd4 Bd7 17. Nd2 Rfd8 18. Nc4 Bb5 19. Nd6 Bxf1 20. Rxf1 f6 21. Rd1
fxe5 22. Bxe5 Nd7 23. Bf4 Nf8 24. h5 h6 25. Rc1 Qd7 26. Rd1 Qc7 27. Rc1 Qb8 28.
Rd1 Rd7 29. Be5 Qc7 30. Qf4 Bxd6 31. Rxd6 Rxd6 32. Bxd6 Qd7 33. Bf3 Rd8 34. Be5
b5 35. Kg2 Nh7 36. Kh2 Rf8 37. Qe3 Qf7 38. Bg4 Qxf2+ 39. Qxf2 Rxf2+ 40. Kg1 Rf5
41. Bxf5 exf5 42. Kf2 Kf7 43. Ke3 Nf6 44. Kd4 Ke6 45. Bb8 Nxh5 46. Kc5 g5 47.
Kb6 f4 48. gxf4 Nxf4 49. Kxa6 h5 50. Ba7 h4 0-1

[Event "Sparkassen-Open A"]
[Site "Heusenstamm, Martinsee"]
[Date "2022.11.18"]
[Round "2.4"]
[White "Milov, Leonid"]
[Black "Steinle, Carsten"]
[Result "1-0"]
[WhiteElo "2433"]
[BlackElo "2082"]
[PlyCount "131"]
[EventDate "2022.??.??"]
[WhiteTeam "SC Noris-Tarrasch Nürnberg"]
[BlackTeam "SV Ahlen 1954"]

1. e4 b6 2. d4 Bb7 3. Nc3 e6 4. Bd3 c5 5. d5 Nf6 6. Nge2 exd5 7. exd5 d6 8. O-O
Be7 9. Ng3 O-O 10. Nf5 Re8 11. Bf4 Bf8 12. Bb5 Nbd7 13. Bxd6 a6 14. Bc6 Bxc6
15. dxc6 Ne5 16. c7 Qc8 17. Bxf8 Qxf5 18. Bd6 Nc4 19. b3 Na3 20. Rc1 Nb5 21.
Nxb5 axb5 22. Qf3 Qxf3 23. gxf3 Rec8 24. Rfd1 Ne8 25. Bg3 Nxc7 26. Rd6 Ne6 27.
c3 Ra6 28. Kg2 Kf8 29. Rcd1 Ke8 30. R1d2 Rd8 31. Rxd8+ Nxd8 32. h4 h5 33. Kf1
Ne6 34. Ke2 Ra7 35. Ke3 Re7 36. Bd6 Rd7 37. Ke4 Nd8 38. Bf4 Re7+ 39. Kd3 Ne6
40. Bd6 Rd7 41. Ke4 f6 42. Kd5 Nd8 43. Re2+ Kf7 44. f4 g6 45. a4 bxa4 46. bxa4
Ra7 47. Rb2 Rb7 48. Re2 Ra7 49. Rb2 Rb7 50. Rb5 Ke8 51. a5 bxa5 52. Rxa5 Rd7
53. Ra8 Kf7 54. Rc8 Ne6 55. Kc6 Ra7 56. Rb8 Ra6+ 57. Kd5 Ra7 58. c4 f5 59. Rh8
Ra2 60. Rh7+ Kg8 61. Rb7 Re2 62. Be5 Nd8 63. Rg7+ Kf8 64. Rxg6 Rxf2 65. Rh6
Rd2+ 66. Kxc5 1-0

[Event "Sparkassen-Open A"]
[Site "Heusenstamm, Martinsee"]
[Date "2022.11.18"]
[Round "2.5"]
[White "Langedijk, Ardjan"]
[Black "Krastev, Alexander"]
[Result "0-1"]
[WhiteElo "2059"]
[BlackElo "2422"]
[PlyCount "82"]
[EventDate "2022.??.??"]
[WhiteTeam "Caissa Eenhorn"]
[BlackTeam "SG Solingen"]

1. Nf3 c5 2. c4 Nc6 3. b3 e5 4. Bb2 e4 5. Ng1 Nf6 6. g3 Bd6 7. Bg2 Qe7 8. Nc3
O-O 9. Nh3 Be5 10. O-O d6 11. Nf4 Bxf4 12. gxf4 Bg4 13. f3 exf3 14. Bxf3 Nd4
15. Nd5 Nxf3+ 16. exf3 Nxd5 17. fxg4 Nb4 18. Qf3 Rfe8 19. g5 Qe4 20. Qc3 Qg6
21. h4 f6 22. Rf2 Re4 23. h5 Qxh5 24. gxf6 Rxf4 25. Rg2 Rg4 26. f7+ Kf8 27. Rf1
Rxg2+ 28. Kxg2 Qg6+ 29. Kh2 Nd3 30. Ba3 Qh5+ 31. Kg3 Qe5+ 32. Qxe5 dxe5 33. Kf3
Rd8 34. Ke3 b6 35. Rh1 h6 36. Rf1 a5 37. Rf5 Rd4 38. Rf1 Rd6 39. Rf5 g6 40. Rf1
h5 41. Rf3 Ne1 0-1

[Event "Sparkassen-Open A"]
[Site "Heusenstamm, Martinsee"]
[Date "2022.11.18"]
[Round "2.6"]
[White "Dgebuadze, Alexandre"]
[Black "Spriestersbach, Kai"]
[Result "1/2-1/2"]
[WhiteElo "2420"]
[BlackElo "2050"]
[PlyCount "73"]
[EventDate "2022.??.??"]
[WhiteTeam "SC Remagen-Sinzig"]
[BlackTeam "SV Erkenschwick"]

1. e4 c6 2. Nf3 d5 3. Nc3 dxe4 4. Nxe4 Nf6 5. Nxf6+ exf6 6. Bc4 Bd6 7. Qe2+ Qe7
8. Qxe7+ Kxe7 9. O-O Rd8 10. d4 Bg4 11. Nd2 Nd7 12. Ne4 Bc7 13. Re1 Be6 14. b3
Kf8 15. Bf1 h6 16. c4 f5 17. Ba3+ Kg8 18. Nd6 Bxd6 19. Bxd6 Nf6 20. Be5 Ng4 21.
Rad1 Nxe5 22. Rxe5 Rd6 23. Re2 f4 24. Red2 Bg4 25. Be2 Bxe2 26. Rxe2 Rad8 27.
Red2 g5 28. Kf1 Kg7 29. b4 a6 30. a4 b5 31. axb5 axb5 32. d5 bxc4 33. dxc6 c3
34. c7 cxd2 35. cxd8=Q Rxd8 36. Ke2 Rd4 37. b5 1/2-1/2

[Event "Sparkassen-Open A"]
[Site "Heusenstamm, Martinsee"]
[Date "2022.11.18"]
[Round "2.7"]
[White "Farmani Anosheh, Armin"]
[Black "Bräutigam, Thomas"]
[Result "1/2-1/2"]
[WhiteElo "2330"]
[BlackElo "2051"]
[PlyCount "91"]
[EventDate "2022.??.??"]
[WhiteTeam "vereinslos"]
[BlackTeam "SV Würzburg von 1865"]

1. d4 d5 2. c4 e6 3. Nf3 Nf6 4. g3 Bb4+ 5. Bd2 Be7 6. Qc2 O-O 7. Bg2 c6 8. O-O
b6 9. Bf4 Bb7 10. Ne5 Nfd7 11. Nxd7 Qxd7 12. Rd1 dxc4 13. Qxc4 c5 14. d5 exd5
15. Bxd5 Bxd5 16. Rxd5 Qe6 17. Na3 Nc6 18. Rd2 Qxc4 19. Nxc4 Rfd8 20. Rad1 Rxd2
21. Rxd2 Rd8 22. Rxd8+ Bxd8 23. a4 Kf8 24. e4 Ke7 25. Kg2 Ke6 26. g4 g5 27. Bd2
Ne5 28. Ne3 Nd3 29. b3 Bf6 30. Nd5 Bd4 31. f3 f6 32. Kf1 Ne5 33. Ke2 Nc6 34. h3
Be5 35. Be3 Na5 36. b4 cxb4 37. Nxb4 Nc4 38. Nc6 Nxe3 39. Kxe3 a6 40. Nb4 a5
41. Nd5 Kd6 42. Nxb6 Kc5 43. Nd5 Kc4 44. Kd2 Kb3 45. Kd3 Bb2 46. Nb6 1/2-1/2

[Event "Sparkassen-Open A"]
[Site "Heusenstamm, Martinsee"]
[Date "2022.11.18"]
[Round "2.8"]
[White "Glöckler, Christian"]
[Black "Hahn, Markus"]
[Result "0-1"]
[WhiteElo "2051"]
[BlackElo "2303"]
[PlyCount "68"]
[EventDate "2022.??.??"]
[WhiteTeam "SC Lindenholzhausen"]
[BlackTeam "SVG CAISSA Kassel"]

1. c4 e6 2. e4 c5 3. Nc3 Nc6 4. g3 g6 5. Bg2 Bg7 6. Nge2 d6 7. O-O Nge7 8. d3
O-O 9. a3 b6 10. Rb1 Bb7 11. b4 Qd7 12. f4 Nd4 13. Kh1 f5 14. Nxd4 cxd4 15. Ne2
Rac8 16. Qb3 Kh8 17. Bd2 e5 18. fxe5 dxe5 19. b5 fxe4 20. dxe4 Qe6 21. Rxf8+
Bxf8 22. Rc1 Ng8 23. Qd3 Bh6 24. Ng1 Bxd2 25. Qxd2 Nf6 26. Qc2 Ng4 27. Bh3 d3
28. Qg2 h5 29. Qf3 Rxc4 30. Qf8+ Qg8 31. Qxg8+ Kxg8 32. Rxc4 d2 33. Rc7 Bxe4+
34. Bg2 Nf2# 0-1

[Event "Sparkassen-Open A"]
[Site "Heusenstamm, Martinsee"]
[Date "2022.11.18"]
[Round "2.9"]
[White "Eilers, Stefan"]
[Black "Stork, Christopher"]
[Result "1-0"]
[WhiteElo "2292"]
[BlackElo "2021"]
[PlyCount "143"]
[EventDate "2022.??.??"]
[WhiteTeam "SG Dietzenbach"]
[BlackTeam "SV Oberursel"]

1. d4 d5 2. Nf3 c6 3. g3 Nf6 4. Bg2 Bf5 5. c4 e6 6. Nc3 h6 7. h3 Be7 8. Bf4
Nbd7 9. Qb3 Qb6 10. c5 Qxb3 11. axb3 O-O 12. b4 a6 13. Nd2 Rfe8 14. g4 Bc2 15.
O-O Bf8 16. Rfc1 Bg6 17. Nb3 e5 18. dxe5 Nxe5 19. Na5 Ra7 20. Bg3 Ned7 21. Rd1
Re6 22. Rd4 b6 23. cxb6 Nxb6 24. Nb3 Nc4 25. Rxc4 dxc4 26. Nd4 Bxb4 27. Nxe6
fxe6 28. Bxc6 Be8 29. Bb8 Re7 30. Rxa6 Bf7 31. Ne4 Nd5 32. Nd6 Bg6 33. Nxc4 Kh7
34. e3 Bd3 35. b3 Bc2 36. Be5 Bxb3 37. Na5 Bc2 38. Bxd5 Bxa5 39. Rxe6 Rd7 40.
Rd6 Re7 41. Bd4 Be1 42. Kf1 Bb4 43. Re6 Bd3+ 44. Kg2 Rc7 45. Be4+ Bxe4+ 46.
Rxe4 Be1 47. Kf1 Ba5 48. Re5 Bb4 49. Rb5 Be7 50. Ra5 Bf6 51. Ra7 Rc1+ 52. Ke2
Kg6 53. Ra6 Kf7 54. Bxf6 gxf6 55. h4 Rc7 56. h5 Re7 57. f4 Rb7 58. Kf3 Rc7 59.
Ra5 Rb7 60. Ke4 Ke6 61. Kf3 Rc7 62. g5 hxg5 63. fxg5 fxg5 64. Rxg5 Rf7+ 65. Kg2
Kf6 66. Rg3 Rh7 67. Rh3 Rh6 68. Kf3 Kf5 69. Rh1 Kg5 70. Ke4 Ra6 71. h6 Ra4+ 72.
Kf3 1-0

[Event "Sparkassen-Open A"]
[Site "Heusenstamm, Martinsee"]
[Date "2022.11.18"]
[Round "2.10"]
[White "Özdemir, Ali Özden"]
[Black "Neukirchner, Pascal"]
[Result "0-1"]
[WhiteElo "2048"]
[BlackElo "2288"]
[PlyCount "48"]
[EventDate "2022.??.??"]
[WhiteTeam "SK Langen"]
[BlackTeam "SK Gründau"]

1. e4 c5 2. Nf3 g6 3. c3 d5 4. e5 Nc6 5. Bb5 Qb6 6. Bxc6+ Qxc6 7. d4 Bg4 8.
Nbd2 cxd4 9. cxd4 Rc8 10. O-O e6 11. Re1 Ne7 12. Re3 Qc2 13. Qxc2 Rxc2 14. Rc3
Rxc3 15. bxc3 Nc6 16. Kf1 Bf5 17. Ke2 Be7 18. Nf1 Bc2 19. a4 Na5 20. Ne3 Bb3
21. Nd2 Kd7 22. Ba3 Rc8 23. Bxe7 Kxe7 24. Ra3 Rxc3 0-1

[Event "Sparkassen-Open A"]
[Site "Heusenstamm, Martinsee"]
[Date "2022.11.18"]
[Round "2.11"]
[White "Solonar, Stefan"]
[Black "Wilhelm, Jochen"]
[Result "1/2-1/2"]
[WhiteElo "2282"]
[BlackElo "2059"]
[PlyCount "92"]
[EventDate "2022.??.??"]
[WhiteTeam "SC Heusenstamm"]
[BlackTeam "SC 1970 Lorsch"]

1. c4 e6 2. Nc3 d5 3. d4 Nf6 4. cxd5 exd5 5. Bg5 c6 6. e3 Bf5 7. Qf3 Bg6 8.
Bxf6 Qxf6 9. Qxf6 gxf6 10. Rc1 Nd7 11. Nge2 Bd6 12. Ng3 h5 13. h4 Ke7 14. Kd2
Bxg3 15. fxg3 a5 16. Be2 Nb6 17. b3 Rag8 18. Rcf1 Nc8 19. g4 Nd6 20. Rf4 hxg4
21. Bxg4 Ne4+ 22. Nxe4 Bxe4 23. Rh2 f5 24. Bxf5 Rxg2+ 25. Rxg2 Bxg2 26. Ke2 Rg8
27. h5 Rh8 28. Kf2 Bh1 29. Rh4 Kf6 30. Bd3 Be4 31. Bxe4 dxe4 32. Rf4+ Kg5 33.
Rxe4 Rxh5 34. Re5+ Kg4 35. Rxh5 Kxh5 36. Kf3 Kg5 37. e4 Kf6 38. Kf4 Ke6 39. a3
b6 40. a4 Kd6 41. Kf5 c5 42. dxc5+ Kxc5 43. Ke5 b5 44. axb5 Kxb5 45. Kf6 Kb4
46. Kxf7 Kxb3 1/2-1/2

[Event "Sparkassen-Open A"]
[Site "Heusenstamm, Martinsee"]
[Date "2022.11.18"]
[Round "2.12"]
[White "Nickel, RÃ¼diger"]
[Black "Laux, Dominik"]
[Result "0-1"]
[WhiteElo "2039"]
[BlackElo "2280"]
[PlyCount "68"]
[EventDate "2022.??.??"]
[WhiteTeam "SK DinkelsbÃ¼hl"]
[BlackTeam "SV 1920 Hofheim"]

1. e4 c5 2. Nf3 d6 3. d4 cxd4 4. Nxd4 Nf6 5. Nc3 Nc6 6. Bg5 e6 7. Be2 a6 8. O-O
Bd7 9. Kh1 Be7 10. Nb3 Qc7 11. Qd3 b5 12. f4 b4 13. Nd1 O-O 14. Nf2 Rfc8 15.
Qg3 a5 16. Bd3 a4 17. Nd2 Ne8 18. Nf3 Rab8 19. Rae1 Bxg5 20. fxg5 Ne7 21. Ng4
Bb5 22. Bxb5 Rxb5 23. Nd4 Rc5 24. Qf3 Ng6 25. h4 Nxh4 26. Qh3 Ng6 27. Nh6+ gxh6
28. Nxe6 fxe6 29. Qxe6+ Kh8 30. Rf7 Qd8 31. Ref1 Ng7 32. Rxg7 Kxg7 33. Qf7+ Kh8
34. Rf6 Rxg5 0-1

[Event "Sparkassen-Open A"]
[Site "Heusenstamm, Martinsee"]
[Date "2022.11.18"]
[Round "2.13"]
[White "Gallasch, Jonas"]
[Black "Simukov, Erik"]
[Result "1-0"]
[WhiteElo "2275"]
[BlackElo "2000"]
[PlyCount "121"]
[EventDate "2022.??.??"]
[WhiteTeam "SG Porz"]
[BlackTeam "SVG CAISSA Kassel"]

1. d4 Nf6 2. c4 e6 3. Nf3 d5 4. e3 Be7 5. b3 O-O 6. Bd3 c5 7. O-O Nbd7 8. Nc3
b6 9. cxd5 exd5 10. Bb2 Bb7 11. Qe2 Re8 12. Ba6 Qc8 13. Bxb7 Qxb7 14. Rfd1 Rad8
15. Rac1 Nf8 16. dxc5 bxc5 17. Qb5 Qxb5 18. Nxb5 Rd7 19. Bxf6 gxf6 20. Rc2 Ne6
21. Rcd2 Red8 22. g3 Kf8 23. Kf1 Ke8 24. Ke2 a6 25. Nc3 d4 26. Na4 f5 27. Nb6
Rd6 28. Nc4 R6d7 29. Nfe5 Rc7 30. h4 Bf6 31. Kf3 Rd5 32. Nd3 Kd8 33. e4 fxe4+
34. Kxe4 Rh5 35. Re1 Re7 36. Kf3 Kc7 37. Rde2 Rd5 38. Nf4 Rf5 39. Kg4 Rxf4+ 40.
gxf4 Re8 41. f5 Rg8+ 42. Kf3 Nd8 43. Nb2 Kd6 44. Re8 Rg7 45. R8e4 Nc6 46. Nc4+
Kd5 47. Nb6+ Kd6 48. Nc4+ Kd5 49. Nb6+ Kd6 50. Re6+ fxe6 51. Rxe6+ Kc7 52. Nd5+
Kb7 53. Nxf6 Rf7 54. Ke4 Nd8 55. Rd6 Kc7 56. Ne8+ Kc8 57. f6 Nb7 58. Rxa6 Kd7
59. Ng7 Nd6+ 60. Ke5 Nc8 61. Ne6 1-0

[Event "Sparkassen-Open A"]
[Site "Heusenstamm, Martinsee"]
[Date "2022.11.18"]
[Round "2.14"]
[White "Jakel, Wolfgang"]
[Black "HÃ¤nselmann, Hendrik"]
[Result "1-0"]
[WhiteElo "2267"]
[BlackElo "2017"]
[PlyCount "71"]
[EventDate "2022.??.??"]
[WhiteTeam "VSG 1880 Offenbach"]
[BlackTeam "Karlsruher SF"]

1. e4 c5 2. Nf3 d6 3. d4 cxd4 4. Qxd4 Nc6 5. Qe3 Nf6 6. Nc3 g6 7. h3 Bg7 8. Bc4
O-O 9. O-O a6 10. a4 Qc7 11. Qe2 h6 12. Rd1 b6 13. Bf4 Ne5 14. Bb3 Bb7 15. Nd2
Rac8 16. Qe3 Kh7 17. Bxe5 dxe5 18. Nc4 Nd7 19. Rxd7 Qxd7 20. Nxb6 Rxc3 21. Nxd7
Rxe3 22. Nxf8+ Bxf8 23. fxe3 e6 24. a5 Bc5 25. Kf2 Bxe4 26. Bc4 f5 27. Bxa6 f4
28. Kf1 Bxe3 29. Rd1 Kg7 30. Rd7+ Kf6 31. Bd3 Bd5 32. c4 Bc6 33. Rc7 Ba8 34. a6
f3 35. gxf3 Bxf3 36. c5 1-0

[Event "Sparkassen-Open A"]
[Site "Heusenstamm, Martinsee"]
[Date "2022.11.18"]
[Round "2.15"]
[White "Rosenberger, Frank"]
[Black "Kersten, Uwe"]
[Result "1/2-1/2"]
[WhiteElo "2033"]
[BlackElo "2256"]
[PlyCount "80"]
[EventDate "2022.??.??"]
[WhiteTeam "SK 1980 Gernsheim"]
[BlackTeam "Sfr.Bad Emstal/Wolfhagen"]

1. e4 c5 2. Nf3 e6 3. Nc3 a6 4. d4 cxd4 5. Nxd4 Qc7 6. Bd3 Nf6 7. O-O d6 8. a4
b6 9. Qe2 Bb7 10. Kh1 Be7 11. f4 Nbd7 12. Bd2 h5 13. Rae1 h4 14. Rf3 h3 15.
Rxh3 Rxh3 16. gxh3 g6 17. Nf3 Nc5 18. b4 Nxd3 19. cxd3 d5 20. e5 d4 21. Ne4
Nxe4 22. dxe4 Qd7 23. Rc1 Rd8 24. Kg2 Qxa4 25. Qd3 Bc6 26. h4 Bb5 27. Qb1 Be2
28. Ng1 Qb5 29. Rc7 Bd3 30. Qe1 Rd7 31. Rc8+ Rd8 32. Rc7 a5 33. bxa5 bxa5 34.
Nf3 Qb2 35. Kg3 a4 36. f5 Rd7 37. Rc8+ Rd8 38. Rc7 Rd7 39. Rc8+ Rd8 40. Rc7 Rd7
1/2-1/2

[Event "Sparkassen-Open A"]
[Site "Heusenstamm, Martinsee"]
[Date "2022.11.18"]
[Round "2.16"]
[White "Minor, Viatcheslav"]
[Black "Alber, Horst"]
[Result "0-1"]
[WhiteElo "2025"]
[BlackElo "2249"]
[PlyCount "64"]
[EventDate "2022.??.??"]
[WhiteTeam "SV Eisenach"]
[BlackTeam "SK Marburg 1931/72"]

1. e4 g6 2. d4 Bg7 3. Nc3 d6 4. Be3 a6 5. f4 b5 6. Bd3 b4 7. Nce2 Nf6 8. Nf3
Nbd7 9. e5 Nd5 10. Bf2 c6 11. O-O f6 12. exd6 exd6 13. f5 g5 14. Ng3 O-O 15.
Re1 Nf4 16. Bc4+ d5 17. Bb3 Nb6 18. a3 bxa3 19. Rxa3 Kh8 20. Ba2 Qd6 21. Rae3
Bd7 22. c3 Rab8 23. b3 a5 24. Qc2 Rfe8 25. c4 Rxe3 26. Bxe3 Nc8 27. c5 Qf8 28.
Bb1 Ne7 29. Bd2 Ra8 30. Nxg5 fxg5 31. Rxe7 Qxe7 32. f6 Bxf6 0-1

[Event "Sparkassen-Open A"]
[Site "Heusenstamm, Martinsee"]
[Date "2022.11.18"]
[Round "2.17"]
[White "von Auer, Ulrich"]
[Black "Heimrath, Reiner"]
[Result "0-1"]
[WhiteElo "2025"]
[BlackElo "2187"]
[PlyCount "76"]
[EventDate "2022.??.??"]
[WhiteTeam "SV Oberursel"]
[BlackTeam "SC Noris-Tarrasch Nürnberg"]

1. d4 d6 2. c4 e5 3. Nc3 c6 4. e4 Qa5 5. Nge2 Nf6 6. f3 Na6 7. Be3 b5 8. cxb5
cxb5 9. a3 Bd7 10. Nc1 Qb6 11. Qd2 Qb7 12. Be2 b4 13. axb4 Nxb4 14. O-O Be7 15.
Nb3 Nc6 16. Na5 Nxa5 17. Rxa5 Bd8 18. Ra6 Bc7 19. Rfa1 O-O 20. dxe5 dxe5 21.
Rxa7 Rxa7 22. Rxa7 Qb8 23. Ra6 Rd8 24. Nd5 Nxd5 25. exd5 Bb5 26. Bxb5 Qxb5 27.
Rc6 Ba5 28. Qc2 Qxd5 29. Rc8 h6 30. Kf2 Qd7 31. Rxd8+ Qxd8 32. Qc5 Qh4+ 33. Ke2
Qe1+ 34. Kd3 Qd1+ 35. Kc4 Bc7 36. b4 Qe2+ 37. Kc3 Bd8 38. Qd5 Qxe3+ 0-1

[Event "Sparkassen-Open A"]
[Site "Heusenstamm, Martinsee"]
[Date "2022.11.18"]
[Round "2.18"]
[White "Player, Edmund"]
[Black "Steudel, Max"]
[Result "1-0"]
[WhiteElo "2212"]
[BlackElo "2043"]
[PlyCount "97"]
[EventDate "2022.??.??"]
[WhiteTeam "FC Bayern München"]
[BlackTeam "SC Brett vorm Kopp Ffm"]

1. e4 e5 2. Nf3 Nf6 3. Nc3 Nc6 4. g3 d5 5. exd5 Nxd5 6. Bg2 Nxc3 7. bxc3 Bc5 8.
O-O O-O 9. d3 Bb6 10. Re1 Qf6 11. h3 h6 12. Bb2 Bd7 13. d4 exd4 14. cxd4 Rfe8
15. c3 Rxe1+ 16. Nxe1 Re8 17. Nc2 Na5 18. Ne3 Bb5 19. Qc2 Qe6 20. Kh2 c6 21. d5
Qg6 22. Qxg6 fxg6 23. a4 Ba6 24. Bc1 Nb3 25. Rb1 Nxc1 26. Rxc1 cxd5 27. Bxd5+
Kh7 28. c4 Bxe3 29. Re1 g5 30. fxe3 b6 31. e4 Re7 32. Kg2 Kg6 33. Kf3 Kf6 34.
a5 Rc7 35. e5+ Ke7 36. axb6 axb6 37. Rc1 b5 38. c5 b4 39. Ke4 Bb5 40. Kd4 b3
41. e6 Ba4 42. Ra1 Bc6 43. Bxb3 Rb7 44. Bc4 Rb4 45. Ra7+ Kf8 46. Rf7+ Ke8 47.
Kc3 Rb1 48. Rxg7 Rh1 49. Rc7 1-0

[Event "Sparkassen-Open A"]
[Site "Heusenstamm, Martinsee"]
[Date "2022.11.18"]
[Round "2.19"]
[White "Woestmann, Ulrich"]
[Black "Dolzhykova, Kateryna"]
[Result "1-0"]
[WhiteElo "1991"]
[BlackElo "2204"]
[PlyCount "101"]
[EventDate "2022.??.??"]
[WhiteTeam "SV Ahlen 1954"]
[BlackTeam "SV Oberursel"]

1. e4 c5 2. Nc3 a6 3. g3 Nc6 4. Bg2 g6 5. f4 d6 6. Nf3 Bg7 7. d3 e6 8. Be3 Nge7
9. O-O O-O 10. Qd2 Nd4 11. Bf2 Rb8 12. Nxd4 cxd4 13. Ne2 e5 14. c3 dxc3 15.
bxc3 d5 16. fxe5 dxe4 17. Bxe4 Bxe5 18. Nd4 Qc7 19. Rac1 b6 20. Be3 Bb7 21. Bh6
Rfe8 22. Qf2 f5 23. Bxb7 Qxb7 24. Rfe1 Nd5 25. Ne2 Nf6 26. Qg2 Ng4 27. Bd2 Qf7
28. Ra1 Rbd8 29. d4 Bg7 30. Qf3 Re4 31. h3 Ne5 32. Qg2 Nc4 33. Nf4 Rexd4 34.
cxd4 Bxd4+ 35. Kh2 Bxa1 36. Bb4 Be5 37. Qc6 a5 38. Ne6 Re8 39. Ng5 Bxg3+ 40.
Kxg3 f4+ 41. Kh2 Ne5 42. Nxf7 Nxc6 43. Nh6+ Kg7 44. Rxe8 Nxb4 45. Ng4 Kf7 46.
Rb8 Nxa2 47. Rxb6 a4 48. Ne5+ Ke7 49. Nd3 g5 50. Ra6 Nc3 51. Nc5 1-0

[Event "Sparkassen-Open A"]
[Site "Heusenstamm, Martinsee"]
[Date "2022.11.18"]
[Round "2.20"]
[White "Hebbering, Tom Elliot"]
[Black "Swoboda, Philipp"]
[Result "1-0"]
[WhiteElo "2229"]
[BlackElo "2002"]
[PlyCount "89"]
[EventDate "2022.??.??"]
[WhiteTeam "SK 1980 Gernsheim"]
[BlackTeam "SV Frankfurt Nord 1926"]

1. d4 d5 2. c4 e6 3. Nf3 Nf6 4. g3 Bb4+ 5. Bd2 Be7 6. Bg2 O-O 7. O-O c6 8. Qc2
Nbd7 9. Bf4 a5 10. Rd1 a4 11. Ne5 Qa5 12. Nc3 a3 13. b3 Nxe5 14. Bxe5 b6 15.
Na4 Nd7 16. Bf4 Ba6 17. Bd2 Bb4 18. c5 bxc5 19. Nxc5 Nxc5 20. Bxb4 Qxb4 21.
dxc5 f5 22. e3 e5 23. Qd2 Qxc5 24. Rac1 Qb5 25. Rxc6 e4 26. Rdc1 Qd3 27. Qxd3
Bxd3 28. Bf1 Bxf1 29. Kxf1 Rfd8 30. Ke2 d4 31. exd4 Rxd4 32. Rc8+ Rd8 33. Rxd8+
Rxd8 34. Rc5 g6 35. Ra5 Rc8 36. Kd2 Rd8+ 37. Ke2 Rc8 38. Rxa3 Rc2+ 39. Ke1 Rc1+
40. Kd2 Rh1 41. b4 Rxh2 42. Ke2 g5 43. b5 f4 44. gxf4 gxf4 45. b6 1-0

[Event "Sparkassen-Open A"]
[Site "Heusenstamm, Martinsee"]
[Date "2022.11.18"]
[Round "2.21"]
[White "Hoppstädter, Daniel"]
[Black "Gahan, M G."]
[Result "0-1"]
[WhiteElo "1934"]
[BlackElo "2228"]
[PlyCount "114"]
[EventDate "2022.??.??"]
[WhiteTeam "SC Illingen"]
[BlackTeam "vereinslos"]

1. d4 Nf6 2. Nf3 g6 3. Nc3 d5 4. Bf4 Bg7 5. e3 O-O 6. Be2 Nbd7 7. Ne5 c5 8. Qd2
Ne4 9. Nxe4 dxe4 10. O-O-O Nxe5 11. Bxe5 Bxe5 12. dxe5 Be6 13. h4 Qc7 14. Qc3
Rfd8 15. h5 Rxd1+ 16. Rxd1 a6 17. hxg6 hxg6 18. f4 exf3 19. gxf3 b5 20. f4 b4
21. Qe1 Rd8 22. b3 a5 23. Bd3 Kg7 24. Qh4 Rh8 25. Qg3 Rh3 26. Qg2 Rxe3 27. Rh1
Qd7 28. Qg5 Rh3 29. Rd1 Qd4 30. Qxe7 Qxf4+ 31. Kb1 Qxe5 32. Bc4 Qh5 33. Rf1 Rh1
34. Qf6+ Kg8 35. Bxe6 Rxf1+ 36. Qxf1 fxe6 37. Qb5 Qd1+ 38. Kb2 Qd4+ 39. Kb1 Kf7
40. Qb7+ Kf6 41. Qf3+ Ke7 42. Qb7+ Qd7 43. Qg2 Qd1+ 44. Kb2 Qh5 45. Qb7+ Kf6
46. Qc8 Qe5+ 47. Kb1 g5 48. Qd8+ Kf5 49. Qd3+ Qe4 50. Qf1+ Kg6 51. Qf8 Qe1+ 52.
Kb2 Qe5+ 53. Kb1 g4 54. Qg8+ Kf5 55. Qf8+ Ke4 56. Qa8+ Ke3 57. Qh1 g3 0-1

[Event "Sparkassen-Open A"]
[Site "Heusenstamm, Martinsee"]
[Date "2022.11.18"]
[Round "2.22"]
[White "Haack, Kevin"]
[Black "Schröder, Jürgen"]
[Result "1-0"]
[WhiteElo "2219"]
[BlackElo "2025"]
[PlyCount "97"]
[EventDate "2022.??.??"]
[WhiteTeam "SV 1920 Hofheim"]
[BlackTeam "SC Matt im Park Ffm"]

1. d4 g6 2. c4 Bg7 3. g3 d6 4. Bg2 c6 5. Nc3 Nd7 6. Nf3 Ngf6 7. O-O O-O 8. e4
e5 9. h3 a5 10. Qc2 a4 11. Be3 Qa5 12. Rfd1 b5 13. cxb5 cxb5 14. b4 axb3 15.
axb3 Qxa1 16. Rxa1 Rxa1+ 17. Kh2 Bb7 18. d5 Rc8 19. Qb2 Raa8 20. Nd2 Ba6 21.
Na2 Nc5 22. Nb4 Bb7 23. f3 Nfd7 24. Bf1 Na6 25. Na2 Nc7 26. Nb1 f5 27. Nbc3 Nf6
28. Bb6 fxe4 29. fxe4 Bf8 30. Bxc7 Rxc7 31. Bxb5 Ba6 32. Bxa6 Rxa6 33. Nb4 Ra8
34. Nc6 Rf7 35. b4 Nd7 36. Na5 Nb6 37. Qd2 Rf3 38. Kg2 Bh6 39. Qxh6 Rxc3 40.
Qd2 Ra3 41. h4 Rf8 42. Qe2 Na4 43. Qg4 Rf6 44. h5 Nc3 45. h6 Ra2+ 46. Kh3 Re2
47. Qc8+ Rf8 48. Qxc3 Rxe4 49. Qc7 1-0

[Event "Sparkassen-Open A"]
[Site "Heusenstamm, Martinsee"]
[Date "2022.11.18"]
[Round "2.23"]
[White "Pauls, Wilhelm"]
[Black "Minor, Samuel"]
[Result "1/2-1/2"]
[WhiteElo "2007"]
[BlackElo "2210"]
[PlyCount "25"]
[EventDate "2022.??.??"]
[WhiteTeam "SG Kaarst 1912/35"]
[BlackTeam "Wiesbadener SV 1885"]

1. e4 c5 2. Nf3 d6 3. d4 cxd4 4. Nxd4 Nf6 5. Nc3 a6 6. Bg5 e6 7. f4 Nbd7 8. Qf3
Qc7 9. O-O-O b5 10. e5 Bb7 11. Qh3 dxe5 12. Nxe6 Qc6 13. Nxf8 1/2-1/2

[Event "Sparkassen-Open A"]
[Site "Heusenstamm, Martinsee"]
[Date "2022.11.18"]
[Round "2.24"]
[White "Weber, Samuel"]
[Black "Kempe, Caius Emilian"]
[Result "1-0"]
[WhiteElo "2198"]
[BlackElo "2001"]
[PlyCount "93"]
[EventDate "2022.??.??"]
[WhiteTeam "SV Oberursel"]
[BlackTeam "USV TU Dresden"]

1. e4 e6 2. d4 d5 3. e5 c5 4. c3 Bd7 5. Nf3 Qb6 6. Bd3 Bb5 7. dxc5 Bxc5 8. O-O
Bxd3 9. Qxd3 Nc6 10. b4 Be7 11. Na3 Nh6 12. Be3 Qd8 13. Bxh6 gxh6 14. Nc2 O-O
15. Rfe1 Qc7 16. Qe3 Kh8 17. Qxh6 Rg8 18. Rad1 Rg6 19. Qd2 b5 20. Ncd4 Rb8 21.
a3 a6 22. Rc1 Bf8 23. Qd3 Rc8 24. Nxc6 Qxc6 25. Nd4 Qb6 26. Ra1 Qc7 27. Rac1
Bh6 28. Rc2 Qb6 29. Nb3 Rc4 30. g3 Bg5 31. Ree2 h5 32. Qf3 Kg7 33. Qxh5 Bh4 34.
Nd4 Be7 35. Qf3 a5 36. Nb3 axb4 37. axb4 Qc7 38. Nd4 Qb6 39. Nb3 Qc7 40. Qd3
Qb6 41. Nd2 Rc8 42. Ra2 Qc6 43. Ra7 Bd8 44. Qf3 Bc7 45. Nb3 Rf8 46. Nd4 Qc4 47.
Ra6 1-0